| 000 | 00626nam a2200241Ia 4500 | ||
|---|---|---|---|
| 003 | OSt | ||
| 005 | 20220918223403.0 | ||
| 006 | a|||||r|||| 00| 0 | ||
| 007 | ta | ||
| 008 | 220917b |||||||| |||| 00| 0 eng d | ||
| 024 | _a222,226 | ||
| 037 | _cTextual | ||
| 040 |
_aARTS _cARTS _beng |
||
| 041 |
_2eng _aeng |
||
| 082 | _aW:5.63, P4 | ||
| 100 |
_aAnand Meena _9145631 |
||
| 245 | 0 | _aStruggle for human rights Nelson Mandela | |
| 260 |
_aDelhi _bKalpaz pub. _c2004 |
||
| 300 |
_a254p _ccm. |
||
| 650 | _aPOLITICAL SCIENCE | ||
| 942 |
_hW:5.63, P4 _cTEXL _2CC |
||
| 999 |
_c278307 _d278307 |
||